00762 2200193 4500001002100000005001500021035002000036245019000056100004100246250002000287300005200307856002800359700007300387260003600460082001000496084001600506020002200522600002400544INLIS00000000114648020260203104457 a0010-02260001001 aEksplorasi Spiritualitas Buddhis Dalam Keputusan Harga Jual Produk /cPenulis: Dini Sulistiyani dan Warsito Kawedar, Desain Cover: Ali Hasan Zein, Tata Letak: Ajuk, Proofreader: Mira M.0 aDini Sulistiyani dan Warsito Kawedar aCetakan Pertama avii, 70 Halaman :b---- ;c15.5 x 23 cmeKertas aPerpustakaan Keliling 30 aDesain Cover: Ali Hasan Zein, Tata Letak: Ajuk, Proofreader: Mira M. aYogyakarta :bDeepublish,c2024 a294.3 a294.3 DIN e a978-623-02-8210-2 4aEkonomi - Jual Beli